000 00922cam a2200241 a 4500
001 000003395
005 20200929150429.0
008 850906s1973 ve b 000 0 spa
040 _aDO-SdBNP
_bspa
_cBNPHU
041 1 7 _aspa
_heng
082 _a809
_bL917l
100 1 _aLowenthal, Leo.
_910579
240 1 0 _aLiterature and the image of man.
_lEspañol
245 1 3 _aLa literatura y la imagen del hombre :
_bestudios sobre el teatro y la novela europeos, 1600-1900 /
_cLeo Lowenthal; traductor, Jaime Tello.
260 _aVenezuela :
_bBiblioteca de la Universidad Central de Venezuela,
_c1973.
300 _a310 p. ;
_c18 cm.
490 1 _aTemas
_vno. 51
534 _aTítulo original:
_tLiterature and the image of man.
650 4 _aLiteratura y sociedad
_zEuropea
_910580
650 4 _aLiteratura europea
_xHistoria y crítica
_ySIGLO XX
_910581
700 1 _aTello, Jaime
_etr.
_94853
830 0 _aTemas ;
_vno. 51
_99064
999 _c3225
_d3225